000
00301nam a2200109Ia 4500
008
230524s9999 xx 000 0 und d
100
_a
S.P. Sharma
245
0
_a
Youngster''s Guide for Personality Development
500
_a
Quantity Number: 1
650
_a
Personality Development
_9
36651
942
_c
BK
999
_c
50684
_d
50684